Regiony soudržnosti v ČR a fondy EU

Bibliographic Details
Main Author: Halásková, Martina (Author)
Format: Article
Language:Czech
ISBN:8070975512

MARC

LEADER 00000naa a2200000uu 4500
001 vtls010933854
003 SK-MaSNL
005 20260302122650.0
008 220810|2013 xo |||||||||||||||||cze|
015 |a SNBRA 
035 |a (urnnbn)urn:nbn:sk:snk:ar-a0b62y 
035 |a (uuid)1eb06afc-cfd7-41c4-b5e9-02278bc79120 
035 |a urn:nbn:sk:snk-aatyhu 
040 |a SNKBUCL  |b slo  |c SNKBUCL  |e AACR2 
041 0 |a cze 
044 |a xo  |c SK 
100 1 |a Halásková, Martina  |4 aut  |9 748256 
245 1 0 |a Regiony soudržnosti v ČR a fondy EU  |c Martina Halásková 
773 0 |t "Teória a prax verejnej správy"  |d Košice : Univerzita Pavla Jozefa Šafárika, Fakulta verejnej správy, 2013  |g S. 307-313  |z 8070975512 
954 |a odborná, vedecká literatúra cudzojazyčná (svetová)  |2 lita 
958 |a OND 
958 |a article11 
958 |a chapter 
999 |c 1279021  |d 1280951